Cedulario de la metrópoli mexicana /

Compilación de nueve documentos referentes a la historia de la ciudad de México, emitidos entre los años de 1539 y 1611, desde la Real Cédula por la cual se incorpora la Nueva España a la corona española hasta la Real Cédula que concedía a la a la ciudad la jurisdicción sobre la Plaza Mayor, pasando...

Бүрэн тодорхойлолт

-д хадгалсан:
Номзүйн дэлгэрэнгүй
Үндсэн зохиолч: Pérez San Vicente, Guadalupe (selec.)
Бусад зохиолчид: Dromundo, Baltasar (presentación) (presentación)
Формат: Ном
Хэл сонгох:испани
Нөхцлүүд:
Шошгууд: Шошго нэмэх
Шошго байхгүй, Энэхүү баримтыг шошголох эхний хүн болох!

MARC

LEADER 00000nam^a2200000^a^4500
001 000107339
005 20250521000000.0
009 20260310093606.821
037 |a Acervo ITESO - Biblioteca 
041 |a ESP 
082 |a 972. 53203  |b PER 
100 |a Pérez San Vicente, Guadalupe  |e (selec.) 
245 1 0 |a Cedulario de la metrópoli mexicana /  |c Selec. y notas de G. Pérez San Vicente ; presen. de B. Dromundo. 
264 |a México :  |b Departamento del Distrito Federal, Dirección General de Acción Social,  |c 1960 
300 |a 63 p. 
336 |a texto  |b txt  |2 rdacontenido 
337 |a sin mediación  |b n  |2 rdamedio 
338 |a volumen  |b nc  |2 rdasoporte 
520 |a Compilación de nueve documentos referentes a la historia de la ciudad de México, emitidos entre los años de 1539 y 1611, desde la Real Cédula por la cual se incorpora la Nueva España a la corona española hasta la Real Cédula que concedía a la a la ciudad la jurisdicción sobre la Plaza Mayor, pasando por las concesiones del escudo de armas y de la fundación de la universidad. 
649 |a XX 
650 |a Cédulas -  |z México (Ciudad) 
650 |a México (Ciudad) -  |x Historia -  |x Documentos 
650 |a México (Ciudad) -  |x Historia -  |y Gobernadores y Audiencia, 1521-1535 
650 |a México (Ciudad) -  |x Historia -  |y Virreinato, 1535-1821 
650 |a México (Ciudad) -  |x Historia -  |y Epoca Colonial, 1517-1821 
650 |a México (Ciudad) -  |x Historia -  |y Siglo XVI 
650 |a México -  |x Historia -  |x Documentos 
650 |a México -  |x Historia -  |y Gobernadores y Audiencia, 1521-1535 
650 |a México -  |x Historia -  |y Virreinato, 1535-1821 
650 |a México -  |x Historia -  |y Epoca Colonial, 1517-1821 
650 |a México -  |x Historia -  |y Siglo XVI 
700 |a Dromundo, Baltasar  |e (presentación) 
910 |a Fondo Jesús Rodríguez 
920 |a Impresos - Libros 
930 |a Fondos Especiales 
905 |a 113 
901 |a 0500043746  |b IT2  |c ESP  |u 20250521 
902 |a https://opac.biblio.iteso.mx/vufind/Record/000107339